| 000 | 01078nas a2200373 4500 | ||
|---|---|---|---|
| 001 | BR0306093 | ||
| 003 | BR-BrBNA | ||
| 005 | 20231205104230.0 | ||
| 007 | ta | ||
| 008 | 230509b bl.|||p| |||| 00| 00por d | ||
| 040 |
_aBR-BrBNA _bpor _cBiblioteca Nacional de Agricultura |
||
| 041 | _a(Pt) | ||
| 072 | _aL70 | ||
| 100 | 1 | _aDel Carlo, R.J. | |
| 100 | 1 | _aKawata, D. | |
| 100 | 1 | _aViloria, M.I.V. | |
| 100 | 1 | _aOliveira, D.R. | |
| 100 | 1 | _aSilva, A.S. | |
| 100 | 1 | _aMarchesi, D.R. | |
| 100 | 1 | _aGalvão, S.R. | |
| 100 | 1 | _aAzevedo, P. | |
| 100 | 1 | _aMonteiro, B.S. | |
| 245 | 1 | _aPolímero derivado de mamona acrescido de cálcio, associado ou não à medula óssea autógena na respiração de falhas ósseas | |
| 650 | _aCOELHO | ||
| 650 | _aMEDULA ÓSSEA | ||
| 650 | _aMAMONA | ||
| 650 | _aÓLEO | ||
| 650 | _aPOLIMERIZAÇÃO | ||
| 650 | _aCÁLCIO | ||
| 650 | _aCIRURGIA | ||
| 773 | 0 |
_tCiência Rural (Brazil) _xISSN 0103-8478 _g(Nov-Dec 2003), v. 33(6) p. 1081-1088 _wBR0306093 |
|
| 909 |
_a202311 _bLúcia _c55 _dLúcia Elande |
||
| 942 |
_2AGRIS _n0 _cANA |
||
| 999 |
_c177061 _d177061 |
||